[Event "Prague Menchik Memorial Rapid"]
[Site "Prague"]
[Date "2021.09.28"]
[Round "8"]
[White "Pribyl, Josef"]
[Black "Jecha, Petr"]
[Result "1-0"]
[WhiteElo "2235"]
[BlackElo "1852"]
[PlyCount "91"]
[EventDate "2021.09.28"]
[EventType "swiss (rapid)"]
[EventRounds "9"]
[EventCountry "CZE"]
[SourceTitle "CBM 204 Extra"]
[Source "ChessBase"]
[SourceDate "2021.11.30"]
[SourceVersion "1"]
[SourceVersionDate "2021.11.30"]
[SourceQuality "1"]

1. c4 e5 2. Nc3 c6 3. Nf3 d6 4. d4 Qc7 5. g3 h6 6. Bg2 f5 7. c5 e4 8. cxd6 Bxd6 9. Nd2 Nf6 10. Nc4 Be6 11. Nxd6+ Qxd6 12. Bf4 Qb4 13. Qd2 Nbd7 14. Nxe4 Qxd2+ 15. Nxd2 g5 16. Bd6 Kf7 17. e4 fxe4 18. Nxe4 Nxe4 19. Bxe4 Rae8 20. 0-0 Bc4 21. Rfe1 Nf6 22. Be5 Rhf8 23. b3 Bd5 24. Bf5 h5 25. Re3 g4 26. Rae1 Bf3 27. Bxf6 Rxe3 28. Rxe3 Kxf6 29. Be4 Kg5 30. h4+ Kh6 31. Bxf3 Rxf3 32. Re7 Rd3 33. Rxb7 a5 34. Rb6 Rxd4 35. Rxc6+ Kg7 36. Rc5 a4 37. Rxh5 axb3 38. axb3 Rb4 39. Rc5 Rxb3 40. Rg5+ Kh6 41. Rxg4 Ra3 42. Kg2 Rb3 43. Ra4 Kh5 44. Ra5+ Kg6 45. g4 Rc3 46. Ra6+ 1-0

[Event "Pardubice Czech Tintera op 30th"]
[Site "Pardubice"]
[Date "2019.07.23"]
[Round "5"]
[White "Paldus, Petr"]
[Black "Jecha, Petr"]
[Result "1/2-1/2"]
[WhiteElo "2007"]
[BlackElo "1952"]
[PlyCount "229"]
[EventDate "2019.07.19"]
[EventType "swiss"]
[EventRounds "9"]
[EventCountry "CZE"]
[SourceTitle "EXT 2020"]
[Source "ChessBase"]
[SourceDate "2019.10.17"]
[SourceVersion "1"]
[SourceVersionDate "2019.10.17"]
[SourceQuality "1"]

1. e4 c6 2. d4 d5 3. exd5 cxd5 4. Bd3 g6 5. Nf3 Bg7 6. c3 Nf6 7. Bf4 0-0 8. 0-0 Nc6 9. Nbd2 Nh5 10. Be3 e5 11. dxe5 Nxe5 12. Nxe5 Bxe5 13. Nf3 Bg7 14. h3 Qc7 15. Qd2 b6 16. Nd4 Bd7 17. g4 Nf6 18. Bf4 Qb7 19. f3 Ne8 20. Rae1 Nc7 21. Re7 Ne6 22. Nxe6 fxe6 23. Bh6 Rf7 24. Rxf7 Kxf7 25. Qf4+ Kg8 26. Bxg7 Kxg7 27. Qe5+ Kg8 28. h4 Qb8 29. f4 Qxe5 30. fxe5 Rf8 31. Rxf8+ Kxf8 32. Kf2 Be8 33. Ke3 Ke7 34. Kd4 Bc6 35. g5 Kf8 36. h5 gxh5 37. Bxh7 Ke7 38. Ke3 Kf7 39. Kf4 Kg7 40. Bd3 Ba4 41. b3 Be8 42. Kg3 Bf7 43. Kh4 Bg6 44. Be2 Bb1 45. a3 Bc2 46. b4 a5 47. Bxh5 axb4 48. axb4 Bh7 49. Kg4 Bc2 50. Kf4 Ba4 51. Ke3 Bd7 52. Be2 Kg6 53. Kf4 Kg7 54. Bd3 Ba4 55. Ke3 Bd7 56. Kd4 Kf7 57. c4 dxc4 58. Kxc4 Kg7 59. Kb3 Kf7 60. Ka3 Bc6 61. Bc2 Bf3 62. Bb3 Be4 63. Bc4 Ke7 64. Kb3 Kf7 65. Kc3 Bf5 66. Be2 Be4 67. Kd4 Bc6 68. Bd3 Bd7 69. Ke4 Kg6 70. Kf4+ Kg7 71. Bc4 Kg6 72. Kg4 Kg7 73. Bd3 Bc6 74. Ba6 Bd7 75. Bb7 Kh7 76. Be4+ Kg7 77. Kh5 Be8+ 78. g6 Ba4 79. Kg5 Be8 80. Bd3 Bd7 81. Bc4 Bc8 82. Bb3 Bd7 83. Bc2 Be8 84. Be4 Bd7 85. Bb7 Bb5 86. Bc8 Bc4 87. Bd7 Bb3 88. Be8 Bd5 89. Kf4 Kf8 90. Bb5 Kg7 91. Bd3 Bc6 92. Bc4 Bd7 93. Kg5 Bc8 94. Bb5 Bb7 95. Be8 Be4 96. Bd7 Bd5 97. Ba4 Bc4 98. Bc2 Bd5 99. Kf4 Bc6 100. Bd3 Kh6 101. Ke3 Be8 102. Bc4 Bd7 103. Bd3 Be8 104. Kd4 Bxg6 105. Bxg6 Kxg6 106. Kc4 Kf5 107. Kb5 Kxe5 108. Kxb6 Kd4 109. Kc6 e5 110. b5 e4 111. b6 e3 112. b7 e2 113. b8Q e1Q 114. Qd8+ Ke3 115. Qe7+ 1/2-1/2

[Event "Polanica Zdroj op-D 49th"]
[Site "Polanica Zdroj"]
[Date "2013.08.19"]
[Round "3"]
[White "Jecha, Petr"]
[Black "Kopera, Marek"]
[Result "1-0"]
[WhiteElo "1962"]
[BlackElo "1653"]
[PlyCount "82"]
[EventDate "2013.08.17"]
[EventType "swiss"]
[EventRounds "9"]
[EventCountry "POL"]
[SourceTitle "EXT 2014"]
[Source "ChessBase"]
[SourceDate "2013.11.20"]
[SourceVersion "1"]
[SourceVersionDate "2013.11.20"]
[SourceQuality "1"]

1. d4 Nf6 2. Nf3 e6 3. e3 c5 4. Bd3 d5 5. c3 c4 6. Bc2 b5 7. a3 a5 8. Nbd2 Bb7 9. Qe2 Ne4 10. Ne5 Qg5 11. g3 Bd6 12. f4 Qh6 13. Nxe4 dxe4 14. a4 f6 15. Ng4 Qg6 16. axb5 Nd7 17. b3 Nb6 18. bxc4 Be7 19. Nf2 f5 20. c5 Nd5 21. c4 Nb4 22. c6 Bc8 23. Ba4 Bd8 24. Bd2 0-0 25. 0-0 h5 26. Bxb4 axb4 27. Bb3 Rb8 28. Bd1 h4 29. Qh5 Qf6 30. Ra7 Bb6 31. Ra2 Bxd4 32. exd4 Qxd4 33. Qe2 hxg3 34. hxg3 e3 35. Nh3 e5 36. Ng5 exf4 37. Rxf4 Qc5 38. Kg2 Rf6 39. Qh5 Rh6 40. Qe8+ Qf8 41. Qxe3 Rh8 1-0

[Event "Polanica Zdroj op-D 49th"]
[Site "Polanica Zdroj"]
[Date "2013.08.17"]
[Round "1"]
[White "Jecha, Petr"]
[Black "Gradalski, Bartosz"]
[Result "1-0"]
[WhiteElo "1962"]
[BlackElo "1579"]
[PlyCount "75"]
[EventDate "2013.08.17"]
[EventType "swiss"]
[EventRounds "9"]
[EventCountry "POL"]
[SourceTitle "EXT 2014"]
[Source "ChessBase"]
[SourceDate "2013.11.20"]
[SourceVersion "1"]
[SourceVersionDate "2013.11.20"]
[SourceQuality "1"]

1. e4 e6 2. c3 d5 3. Bd3 c5 4. Ne2 Nf6 5. e5 Nfd7 6. f4 c4 7. Bc2 Bc5 8. d4 cxd3 9. Qxd3 Qh4+ 10. g3 Qh3 11. Nd2 b6 12. b4 Ba6 13. b5 Bb7 14. Nd4 a6 15. N2f3 axb5 16. Nxb5 Qg2 17. Rf1 Ba6 18. Nc7+ Ke7 19. Nxa6 Nxa6 20. Bb3 Nc7 21. Rb1 Ba3 22. Bxa3+ Rxa3 23. Rf2 Nc5 24. Qc2 Qh3 25. c4 h5 26. cxd5 Nxd5 27. Bxd5 exd5 28. Rxb6 Rc8 29. Ng5 Qg4 30. Qb1 Nd3+ 31. Kd2 Rac3 32. Rb7+ Ke8 33. Qb5+ Kf8 34. Rxf7+ Kg8 35. Qxd5 Rc2+ 36. Ke3 Nxf2 37. Rxg7+ Kxg7 38. Qf7+ 1-0

[Event "Klatovy op-B"]
[Site "Klatovy"]
[Date "2013.07.04"]
[Round "6"]
[White "Jecha, Petr"]
[Black "Holy, Filip"]
[Result "1-0"]
[WhiteElo "1955"]
[BlackElo "1760"]
[PlyCount "91"]
[EventDate "2013.06.29"]
[EventType "swiss"]
[EventRounds "9"]
[EventCountry "CZE"]
[SourceTitle "EXT 2014"]
[Source "ChessBase"]
[SourceDate "2013.11.20"]
[SourceVersion "1"]
[SourceVersionDate "2013.11.20"]
[SourceQuality "1"]

1. e4 c5 2. c4 e6 3. Nc3 Nc6 4. g3 g6 5. Bg2 Bg7 6. Nge2 a6 7. d3 Nge7 8. 0-0 0-0 9. Be3 Nd4 10. Rb1 Nec6 11. a3 Qe7 12. Na4 b5 13. Nb6 Rb8 14. Nxc8 Rfxc8 15. cxb5 Nxe2+ 16. Qxe2 Rxb5 17. b3 Rcb8 18. Qa2 Bd4 19. Bf3 Qf6 20. Bd1 a5 21. a4 R5b6 22. Qd2 Rb4 23. Bc2 Ne5 24. Qe2 Qf3 25. Qxf3 Nxf3+ 26. Kg2 Ne5 27. Bd2 R4b7 28. Bxa5 Nc6 29. Bd2 Be5 30. f4 Bg7 31. Be3 Nb4 32. Rf2 Bd4 33. Bxd4 cxd4 34. e5 Nxc2 35. Rxc2 Rxb3 36. Rxb3 Rxb3 37. Ra2 Rxd3 38. a5 Rc3 39. a6 Rc8 40. a7 Ra8 41. Kf3 Kf8 42. Ke4 d3 43. Kxd3 Ke8 44. Kc4 Kd8 45. Kb5 Kc7 46. Ka6 1-0

[Event "Klatovy op-B"]
[Site "Klatovy"]
[Date "2013.06.30"]
[Round "2"]
[White "Jecha, Petr"]
[Black "Kubat, Zbynek"]
[Result "1-0"]
[WhiteElo "1955"]
[BlackElo "1615"]
[PlyCount "61"]
[EventDate "2013.06.29"]
[EventType "swiss"]
[EventRounds "9"]
[EventCountry "CZE"]
[SourceTitle "EXT 2014"]
[Source "ChessBase"]
[SourceDate "2013.11.20"]
[SourceVersion "1"]
[SourceVersionDate "2013.11.20"]
[SourceQuality "1"]

1. c4 e5 2. g3 Nf6 3. Bg2 Nc6 4. b3 g6 5. Bb2 d6 6. Nf3 Bg7 7. 0-0 0-0 8. d3 Bg4 9. Na3 Qd7 10. Nc2 Bh3 11. Ne3 Bh6 12. Bc1 Bxe3 13. Bxe3 Rac8 14. Bc1 Ne7 15. Qd2 Bg4 16. Qg5 Qe6 17. Qh4 Bxf3 18. Bxf3 Nf5 19. Qg5 b6 20. e4 Nd4 21. Bd1 Qe7 22. f4 Nd5 23. exd5 Qxg5 24. fxg5 Rce8 25. Bb2 Nf5 26. Bf3 Ne3 27. Rf2 f5 28. gxf6 Rxf6 29. Be4 Ref8 30. Rxf6 Rxf6 31. Re1 1-0

[Event "Klatovy op-B"]
[Site "Klatovy"]
[Date "2013.06.29"]
[Round "1"]
[White "Jecha, Petr"]
[Black "Novak, Martin"]
[Result "1/2-1/2"]
[WhiteElo "1955"]
[BlackElo "1720"]
[PlyCount "25"]
[EventDate "2013.06.29"]
[EventType "swiss"]
[EventRounds "9"]
[EventCountry "CZE"]
[SourceTitle "EXT 2014"]
[Source "ChessBase"]
[SourceDate "2013.11.20"]
[SourceVersion "1"]
[SourceVersionDate "2013.11.20"]
[SourceQuality "1"]

1. d4 Nf6 2. e3 g6 3. b3 Bg7 4. Bb2 d6 5. Nf3 0-0 6. Be2 Nbd7 7. c4 c5 8. d5 a6 9. a4 Qc7 10. Nbd2 Rb8 11. 0-0 b5 12. axb5 axb5 13. Bc3 1/2-1/2

[Event "Tabor op"]
[Site "Tabor"]
[Date "2012.08.05"]
[Round "9"]
[White "Mareckova, Martina"]
[Black "Jecha, Petr"]
[Result "1/2-1/2"]
[WhiteElo "2089"]
[BlackElo "1977"]
[PlyCount "82"]
[EventDate "2012.07.29"]
[EventType "swiss"]
[EventRounds "9"]
[EventCountry "CZE"]
[SourceTitle "EXT 2013"]
[Source "ChessBase"]
[SourceDate "2012.11.22"]
[SourceVersion "1"]
[SourceVersionDate "2012.11.22"]
[SourceQuality "1"]

1. e4 c6 2. d4 d5 3. Nd2 dxe4 4. Nxe4 Bf5 5. Ng3 Bg6 6. h4 h6 7. h5 Bh7 8. Nf3 Nd7 9. Bd3 Bxd3 10. Qxd3 Ngf6 11. Bd2 Qc7 12. 0-0-0 e6 13. Ne4 0-0-0 14. g3 Nxe4 15. Qxe4 Bd6 16. Kb1 Rhe8 17. c4 c5 18. Bc3 f6 19. Rhe1 Kb8 20. d5 Nf8 21. Nh4 Qf7 22. dxe6 Nxe6 23. Nf5 Kc7 24. Nxd6 Rxd6 25. Rxd6 Kxd6 26. f4 Qxh5 27. g4 Qxg4 28. Qd5+ Kc7 29. f5 Nd4 30. Qxc5+ Nc6 31. Rg1 Qe4+ 32. Ka1 Qe7 33. Qf2 Rd8 34. Qg3+ Kc8 35. a3 Rd7 36. Re1 Qd8 37. Qg4 Re7 38. Rd1 Rd7 39. Re1 Re7 40. Rg1 Qe8 41. Qg3 Qd7 1/2-1/2

[Event "Tabor op"]
[Site "Tabor"]
[Date "2012.08.02"]
[Round "6"]
[White "Vybiral, Zdenek"]
[Black "Jecha, Petr"]
[Result "1-0"]
[WhiteElo "2187"]
[BlackElo "1977"]
[PlyCount "115"]
[EventDate "2012.07.29"]
[EventType "swiss"]
[EventRounds "9"]
[EventCountry "CZE"]
[SourceTitle "EXT 2013"]
[Source "ChessBase"]
[SourceDate "2012.11.22"]
[SourceVersion "1"]
[SourceVersionDate "2012.11.22"]
[SourceQuality "1"]

1. d4 d5 2. c4 e6 3. Nc3 Nf6 4. cxd5 exd5 5. Bg5 c6 6. e3 Nbd7 7. Bd3 h6 8. Bf4 Bb4 9. h3 a6 10. Nge2 0-0 11. 0-0 Re8 12. a3 Ba5 13. b4 Bc7 14. Bxc7 Qxc7 15. Qc2 Qd6 16. Ng3 Nf8 17. Na4 Be6 18. Rfc1 Rac8 19. Nc5 Rc7 20. a4 N6d7 21. Rab1 Nb8 22. Qd2 f6 23. Rc3 Bf7 24. b5 axb5 25. axb5 Ne6 26. b6 Rce7 27. Nf5 Qd8 28. Nxe7+ Qxe7 29. Qc2 Nxc5 30. Rxc5 Nd7 31. Ra5 Rb8 32. Ra7 Be6 33. Ba6 bxa6 34. Qxc6 Qe8 35. b7 Kf7 36. Rxa6 Rd8 37. Qc7 Qe7 38. Rd6 Ke8 39. Qxd8+ Qxd8 40. b8Q Nxb8 41. Rxd8+ Kxd8 42. Rxb8+ Kc7 43. Ra8 Kd6 44. Ra7 Bd7 45. Kh2 h5 46. Kg3 g5 47. h4 Ke6 48. hxg5 fxg5 49. f4 gxf4+ 50. Kxf4 Bb5 51. Rb7 Bd3 52. Rb6+ Ke7 53. Rh6 Bf1 54. g3 Be2 55. Ke5 Bf3 56. Re6+ Kd7 57. Rd6+ Ke7 58. Rxd5 1-0

[Event "Tabor op"]
[Site "Tabor"]
[Date "2009.08.08"]
[Round "8"]
[White "Janecek, Josef"]
[Black "Jecha, Petr"]
[Result "1-0"]
[WhiteElo "2129"]
[BlackElo "1974"]
[PlyCount "57"]
[EventDate "2009.08.02"]
[EventType "swiss"]
[EventRounds "9"]
[EventCountry "CZE"]
[SourceTitle "CBM 131 Extra"]
[Source "ChessBase"]
[SourceDate "2009.09.03"]
[SourceVersion "2"]
[SourceVersionDate "2009.09.16"]
[SourceQuality "1"]

1. e4 c6 2. d4 d5 3. exd5 cxd5 4. c4 Nf6 5. Nc3 g6 6. Qb3 Nc6 7. cxd5 Na5 8. Bb5+ Bd7 9. Qa4 a6 10. Bxd7+ Nxd7 11. b4 Nc4 12. Nf3 Bg7 13. 0-0 0-0 14. d6 Nxd6 15. Bf4 Nb6 16. Qb3 Nbc4 17. Rac1 e6 18. Rfd1 Re8 19. a4 Rc8 20. h3 f6 21. a5 b5 22. axb6 Nxb6 23. d5 e5 24. Be3 Bf8 25. Na4 Rxc1 26. Rxc1 Nxa4 27. Qxa4 Nf7 28. Bc5 Qxd5 29. Qxe8 1-0

[Event "CZE-chT2C 0809"]
[Site "Czech Republic"]
[Date "2008.10.12"]
[Round "1.7"]
[White "Vrkota, Milos"]
[Black "Jecha, Petr"]
[Result "1-0"]
[WhiteElo "2069"]
[BlackElo "1998"]
[PlyCount "87"]
[EventDate "2008.10.12"]
[EventType "team-tourn"]
[EventRounds "11"]
[EventCountry "CZE"]
[SourceTitle "EXT 2010"]
[Source "ChessBase"]
[SourceDate "2010.11.25"]
[SourceVersion "1"]
[SourceVersionDate "2010.11.25"]
[SourceQuality "1"]
[WhiteTeam "Kolin"]
[BlackTeam "Hradec Kralove II"]
[WhiteTeamCountry "CZE"]
[BlackTeamCountry "CZE"]

1. e4 e5 2. Nf3 d6 3. d4 exd4 4. Nxd4 Nc6 5. Bc4 g6 6. Nc3 Bg7 7. Be3 Nge7 8. f3 Bd7 9. Qd2 a6 10. a4 Qc8 11. 0-0 Nxd4 12. Bxd4 0-0 13. f4 Be6 14. Bxg7 Kxg7 15. f5 Bxc4 16. Qd4+ f6 17. Qxc4 Qd7 18. b4 Rf7 19. Rad1 Nc6 20. Nd5 Ne5 21. Qb3 Qc6 22. Rfe1 Qd7 23. Nf4 Kf8 24. Ne6+ Ke7 25. c4 gxf5 26. exf5 Rg8 27. b5 Rg4 28. c5 Qc8 29. h3 Rh4 30. cxd6+ cxd6 31. Rc1 Rc4 32. Rxc4 Qxc4 33. Qxc4 Nxc4 34. Ng5+ Ne5 35. Nxf7 Kxf7 36. Rc1 Kg7 37. Rc7+ Kh6 38. Rxb7 axb5 39. axb5 Kg5 40. g4 h6 41. Kg2 Kf4 42. Rc7 d5 43. b6 d4 44. b7 1-0

[Event "Hradec Kralove Region-chT 0506"]
[Site "Czech Republic"]
[Date "2006.02.19"]
[Round "8.4"]
[White "Matonoha, Ctirad"]
[Black "Jecha, Petr"]
[Result "0-1"]
[WhiteElo "2051"]
[BlackElo "1978"]
[PlyCount "114"]
[EventDate "2005.10.23"]
[EventType "team-tourn"]
[EventRounds "11"]
[EventCountry "CZE"]
[SourceTitle "EXT 2024"]
[Source "ChessBase"]
[SourceDate "2023.10.10"]
[SourceVersion "1"]
[SourceVersionDate "2023.10.10"]
[SourceQuality "1"]
[WhiteTeam "Horice Jiskra"]
[BlackTeam "Jaromer Jiskra"]
[WhiteTeamCountry "CZE"]
[BlackTeamCountry "CZE"]

1. e4 c6 2. d4 d5 3. exd5 cxd5 4. c3 Nf6 5. Bf4 e6 6. Nf3 Nc6 7. Bd3 Bd6 8. Bxd6 Qxd6 9. 0-0 0-0 10. Re1 a6 11. Ne5 Nd7 12. f4 f5 13. Nd2 Nf6 14. Re3 Ne4 15. Ndf3 b5 16. Nxc6 Qxc6 17. Ne5 Qc7 18. Qh5 Nf6 19. Qh4 Ra7 20. Rh3 b4 21. g4 bxc3 22. Rc1 g6 23. g5 Ng4 24. Nxg6 Re8 25. Ne5 Nxe5 26. fxe5 Qa5 27. Rxc3 Qxa2 28. Rc2 Rg7 29. Bf1 Qa5 30. Rhc3 Bb7 31. Qh5 Rf8 32. h4 Qb6 33. Rc5 Qb4 34. Qd1 Rff7 35. Kf2 Qb6 36. Qe1 Qb4 37. Qe3 Qb6 38. Qc3 Qd8 39. Kf3 h6 40. gxh6 Rg4 41. Rc7 Qxh4 42. Qd2 Qg3+ 43. Ke2 Qh2+ 44. Kd1 Qxd2+ 45. Kxd2 Rxd4+ 46. Bd3 Rxc7 47. Rxc7 Rb4 48. Be2 Rxb2+ 49. Ke3 d4+ 50. Kxd4 Rxe2 51. Rxb7 Re4+ 52. Kc5 Rxe5+ 53. Kd6 Re4 54. Ra7 a5 55. Rxa5 Kh7 56. Ra8 Kxh6 57. Rg8 f4 0-1

[Event "Hradec Kralove Region-chT 0506"]
[Site "Czech Republic"]
[Date "2006.01.22"]
[Round "6.4"]
[White "Jecha, Petr"]
[Black "Cerovsky, Leos"]
[Result "1/2-1/2"]
[WhiteElo "1978"]
[BlackElo "1992"]
[PlyCount "73"]
[EventDate "2005.10.23"]
[EventType "team-tourn"]
[EventRounds "11"]
[EventCountry "CZE"]
[SourceTitle "EXT 2024"]
[Source "ChessBase"]
[SourceDate "2023.10.10"]
[SourceVersion "1"]
[SourceVersionDate "2023.10.10"]
[SourceQuality "1"]
[WhiteTeam "Jaromer Jiskra"]
[BlackTeam "Dvur Kralove nad Labem"]
[WhiteTeamCountry "CZE"]
[BlackTeamCountry "CZE"]

1. f4 b6 2. Nf3 Bb7 3. b3 e6 4. Bb2 f5 5. c4 Nf6 6. e3 Nc6 7. Nc3 a5 8. g3 Be7 9. Bg2 0-0 10. 0-0 Nb4 11. d4 Ne4 12. a3 Na6 13. Nxe4 Bxe4 14. Ne5 Bxg2 15. Kxg2 Bf6 16. Qc2 Bxe5 17. fxe5 Qe7 18. e4 fxe4 19. Qxe4 c6 20. Qd3 Nc7 21. Rad1 Rxf1 22. Rxf1 Rf8 23. Rxf8+ Qxf8 24. Qf3 Qxf3+ 25. Kxf3 b5 26. a4 b4 27. Bc1 Kf7 28. Ke4 h6 29. Be3 Ke7 30. g4 Kf7 31. Bf2 g5 32. h4 Kg6 33. hxg5 hxg5 34. Kd3 Na6 35. Ke4 Kh6 36. Be3 Kg6 37. Bf2 1/2-1/2